| 000 | 00337nam a22001337a 4500 | ||
|---|---|---|---|
| 005 | 20160314111818.0 | ||
| 008 | 160314b xxu||||| |||| 00| 0 eng d | ||
| 040 | _cPK-LaUMT | ||
| 082 |
_aMMC R 423.91439 _bENG- |
||
| 245 | _aEnglish to english and urdu dictionary | ||
| 260 |
_aLahore _bFerozsons _c[ ] |
||
| 300 | _a1124 p. | ||
| 942 | _cBK | ||
| 999 |
_c84105 _d84105 |
||